<?xml version='1.0' encoding='UTF-8'?>
  <record xmlns="http://www.loc.gov/MARC21/slim">
    <leader>00000cam a2200000 i 4500</leader>
    <controlfield tag="001">ocm67993521</controlfield>
    <controlfield tag="003">OCoLC</controlfield>
    <controlfield tag="005">20240322172934.0</controlfield>
    <controlfield tag="008">980602s1915    ne            000 0 dut d</controlfield>
    <datafield tag="040" ind1=" " ind2=" ">
      <subfield code="a">NLGGC</subfield>
      <subfield code="b">dut</subfield>
      <subfield code="e">fobidrtb</subfield>
      <subfield code="c">NLGGC</subfield>
      <subfield code="d">OCLCO</subfield>
      <subfield code="d">OCLCA</subfield>
      <subfield code="d">OCLCL</subfield>
      <subfield code="d">OCLCQ</subfield>
    </datafield>
    <datafield tag="029" ind1="0" ind2=" ">
      <subfield code="a">NLGGC</subfield>
      <subfield code="b">17012116X</subfield>
    </datafield>
    <datafield tag="035" ind1=" " ind2=" ">
      <subfield code="a">(OCoLC)67993521</subfield>
    </datafield>
    <datafield tag="100" ind1="1" ind2=" ">
      <subfield code="a">Snoeck, Matthijs Huibertszoon,</subfield>
      <subfield code="d">1744-1816.</subfield>
      <subfield code="1">https://id.oclc.org/worldcat/entity/E39PCjxFtjMWMwY6vQJqDkjtJC</subfield>
    </datafield>
    <datafield tag="245" ind1="1" ind2="0">
      <subfield code="a">Uittreksel uit het dagboek van den heer Matthijs Snoeck Huibertszoon, in leven burgemeester van Gorinchem (geb. 22 sept. 1744, gest. 14 maart 1816) /</subfield>
      <subfield code="c">medegedeeld en van eene inl. voorz. door H. A. van Goch.</subfield>
    </datafield>
    <datafield tag="260" ind1=" " ind2=" ">
      <subfield code="a">[Gorinchem],</subfield>
      <subfield code="c">[1915]</subfield>
    </datafield>
    <datafield tag="300" ind1=" " ind2=" ">
      <subfield code="a">? :</subfield>
      <subfield code="b">ill. ;</subfield>
      <subfield code="c">21 cm.</subfield>
    </datafield>
    <datafield tag="336" ind1=" " ind2=" ">
      <subfield code="a">tekst</subfield>
      <subfield code="b">txt</subfield>
      <subfield code="2">rdacontent/dut</subfield>
    </datafield>
    <datafield tag="337" ind1=" " ind2=" ">
      <subfield code="a">zonder medium</subfield>
      <subfield code="b">n</subfield>
      <subfield code="2">rdamedia/dut</subfield>
    </datafield>
    <datafield tag="338" ind1=" " ind2=" ">
      <subfield code="a">band</subfield>
      <subfield code="b">nc</subfield>
      <subfield code="2">rdacarrier/dut</subfield>
    </datafield>
    <datafield tag="530" ind1=" " ind2=" ">
      <subfield code="a">Boek wordt verfilmd Metamorfoze UBU.</subfield>
    </datafield>
    <datafield tag="530" ind1=" " ind2=" ">
      <subfield code="a">Titel wordt gedigitaliseerd voor de Universitaire Bibliotheken Leiden in het kader van Metamorfoze.</subfield>
    </datafield>
    <datafield tag="600" ind1="1" ind2="7">
      <subfield code="a">Snoeck, Matthijs Huibertszoon,</subfield>
      <subfield code="d">1744-1816.</subfield>
      <subfield code="2">local</subfield>
      <subfield code="0">(NL-LeOCL)154333891</subfield>
    </datafield>
    <datafield tag="700" ind1="1" ind2=" ">
      <subfield code="a">Goch, H.A. van</subfield>
      <subfield code="q">(Hendrik Arie),</subfield>
      <subfield code="d">fl. 1890-1930.</subfield>
      <subfield code="1">https://id.oclc.org/worldcat/entity/E39PCjDq764gGvkWpyWkRVcqw3</subfield>
    </datafield>
    <datafield tag="758" ind1=" " ind2=" ">
      <subfield code="a">Uittreksel uit het dagboek van den heer Matthijs Snoeck Huibertszoon, in leven burgemeester van Gorinchem (geb. 22 sept. 1744, gest. 14 maart 1816) (Text)</subfield>
      <subfield code="1">https://id.oclc.org/worldcat/entity/E39PCFr6rJ7vJwMvpPjmrgMc6C</subfield>
      <subfield code="4">https://id.oclc.org/worldcat/ontology/hasWork</subfield>
    </datafield>
    <datafield tag="776" ind1="0" ind2=" ">
      <subfield code="t">Uittreksel uit het dagboek van den heer Matthijs Snoeck Huibertszoon, in leven burgemeester van Gorinchem (geb. 22 sept. 1744, gest. 14 maart 1816)</subfield>
      <subfield code="w">(NL-LeOCL)43601792X</subfield>
    </datafield>
    <datafield tag="936" ind1=" " ind2=" ">
      <subfield code="a">BATCHLOAD</subfield>
    </datafield>
  </record>